00986nam a2200253 a 450000100100000000500170001000800410002702000150006804000250008308200180010810000310012624501390015726000390029630000320033549000270036750000570039450400370045160000540048865000560054265000410059870000250063970000410066483000270070500001945820200929170026.0100629s2006 es c 000 0 spa d a8497647475 aDO-SdBNPbspacBNPHU a922.22bJ581C1 aCampos, Alberto C.,d1964-10aSanta Teresa de Jesús /cAlberto C. Campos ; coordinador general Felipe Sen ; coordinador de colección Mar de Ventura Fernández. aMadrid, España :bEdimat,c2006. a1919 p. :bretrs. ;c22 cm.1 aMujeres en la historia aIncluye datos biográficos del autor en el chaleco. aIncluye bibliografías (p. 191)14aJESUS, TERESA DE, SANTA,d1515-1582xBIOGRAFÍAS 4aLiteratura católicaxCrítica e interpretación 4aVida espiritualxAutores católicos1 aSen, Felipe,ecoord.1 aVentura Fernández, Mar de,ecoord. 0aMujeres en la historia